000 00570cam a2200145 4500500
005 20260111142331.0
041 _afre
042 _adc
100 1 0 _aMoureau, François
_eauthor
245 0 0 _aHenri Rossi , Opéras historiques français 1767-1989, Paris, Honoré Champion, coll. « Dictionnaires & Références », 2019.
260 _c2021.
500 _a68
786 0 _nDix-huitième siècle | 53 | 1 | 2021-06-28 | p. CVII-CVII | 0070-6760
856 4 1 _uhttps://shs.cairn.info/revue-dix-huitieme-siecle-2021-1-page-CVII?lang=fr&redirect-ssocas=7080
999 _c1636002
_d1636002